Т. 34, № 1; Физика и химия стекла

Dades bibliogràfiques
Parent link:Физика и химия стекла/ Российская академия наук (РАН), Институт химии силикатов им. И. В. Гребенщикова (ИХС). Т. 34, № 1.— , 1977-.— 0132-6651
Idioma:rus
Publicat: 2008
Format: Llibre
KOHA link:https://koha.lib.tpu.ru/cgi-bin/koha/opac-detail.pl?biblionumber=430107

MARC

LEADER 00000nam2a2200000 4500
001 430107
005 20231101075118.0
035 |a (RuTPU)RU\TPU\prd\90068 
035 |a RU\TPU\prd\56277 
090 |a 430107 
100 |a 20101117a19759999k y0rusy50 ca 
101 0 |a rus 
102 |a RU 
200 0 |a Т. 34, № 1 
210 |d 2008 
461 1 |0 (RuTPU)RU\TPU\prd\405  |x 0132-6651  |t Физика и химия стекла  |f Российская академия наук (РАН), Институт химии силикатов им. И. В. Гребенщикова (ИХС)  |v Т. 34, № 1  |d 1977- 
801 0 |a RU  |b 63413507  |c 20010227  |g PSBO 
801 1 |a RU  |b 63413507  |c 20080305  |g PSBO 
801 2 |a RU  |b 63413507  |c 20210208  |g RCR 
942 |c BK 
999 |a НТБ_ТПУ  |b НФ  |e -8/20100113  |p П-8811  |s 6/20070907  |u 800,00  |v 1